MELO Songs - Statistics

General Stats
  • This quiz has been taken 91 times
    60 since last reset
  • The average score is 39 of 65
Answer Stats
Album Song % Correct
GLITTER e
96%
GLITTER Crunch Time
88%
m<3lo Rakkaus Ei Asu Täällä
88%
GLITTER Aha, Okei!
84%
m<3lo Emperor Longsleeve
84%
m<3lo Varovasti
84%
m<3lo m<3lon maailma
80%
FREDA 4EVA SLÄTTERIN
80%
m<3lo Jumala
76%
AKTIVE EP MARIMEKKO
76%
GLITTER En Antaudu
72%
AKTIVE EP TIIKERI
72%
GLITTER Yonas
72%
ELEKTRI 1999COROLLA
68%
Helena Aja Mun Yli Niin Et
68%
GLITTER Ihasama
68%
m<3lo Kauneuden Eteen Pitää Kärsii
68%
Helena Luut + Ytimet
68%
Singles paperihaavoi
68%
m<3lo Paranoia
68%
GLITTER Pitäkää Kii!
68%
Singles sim
68%
m<3lo Sun Tähden*
68%
GLITTER Moncler
64%
GLITTER Nyt
64%
Singles pää eel
64%
m<3lo Putoan
64%
FREDA 4EVA Rakettiryhmä
64%
GLITTER Uus Sydän
64%
Singles Viaton
64%
GLITTER Enempää
60%
m<3lo Menetin Mun Mielen
60%
AKTIVE EP PISTO
60%
AKTIVE EP SWOOSH
60%
Singles TIEN PÄÄL
60%
ELEKTRI YLÖSALAS
60%
Singles camouflage
56%
ELEKTRI HYMYPOIKA
56%
FREDA 4EVA Kallo2
56%
Singles Krush
56%
m<3lo Se Parhaiten Nauraa Joka Vikana Nauraa
56%
FREDA 4EVA Tappakaa
56%
GLITTER Thot!
56%
m<3lo Vallihauta96
56%
ELEKTRI VOLKSWAGEN
56%
Helena Minä
52%
m<3lo Tarpeeks
52%
ELEKTRI VANHA TUTTU
52%
FREDA 4EVA ching* ching*
48%
FREDA 4EVA Kaikki
48%
Helena Kohtuuton
48%
Helena Ksylitol
48%
Helena Mitä Kummitukset Tuppaa Tekemään
48%
Matalapaine Kuolleita Kelloja
44%
ELEKTRI PÄIVÄUNIEN YÖ
44%
FREDA 4EVA Pliiis
44%
Matalapaine RIP
44%
Matalapaine Shokki
44%
FREDA 4EVA SMS
44%
ELEKTRI VASTATUULEEN
44%
ELEKTRI OOTKO NÄHNY?
40%
Matalapaine Sä Murskaat Mun Koko Kallon
40%
Singles SICKBOY
40%
Matalapaine Tajuton
40%
Helena Heijastus
36%
No matching quizzes found
Score Distribution
Percent of People with Each Score
Percentile by Number Answered
Your Score History
You have not taken this quiz since the last reset